Economics (Record no. 83483)
[ view plain ]
| 000 -LEADER | |
|---|---|
| fixed length control field | 00946cab a22002415a 4500 |
| 001 - CONTROL NUMBER | |
| control field | L154075 |
| 008 - FIXED-LENGTH DATA ELEMENTS--GENERAL INFORMATION | |
| fixed length control field | 111012e20111007xxk f 000 0 eng d |
| 035 ## - SYSTEM CONTROL NUMBER | |
| System control number | (Sirsi) u154075 |
| 041 0# - LANGUAGE CODE | |
| Language code of text/sound track or separate title | eng |
| 100 1# - MAIN ENTRY--PERSONAL NAME | |
| Personal name | McAllister, Isabel |
| 245 00 - TITLE STATEMENT | |
| Title | Economics |
| Remainder of title | sustainability, building structures |
| 260 ## - PUBLICATION, DISTRIBUTION, ETC. | |
| Date of publication, distribution, etc. | 2011 |
| 490 ## - SERIES STATEMENT | |
| Series statement | Building |
| Volume/sequential designation | 276 (8698) 7 October 2011, 60-62(3) |
| 520 ## - SUMMARY, ETC. | |
| Summary, etc. | Discusses that as in-use energy consumption is well regulated should we now consider embodied carbon? Introduction, industry standard baseline specifications, case study building, capital cost savings, embodied carbon in numbers, embodied carbon, conclusion. |
| 590 ## - LOCAL NOTE (RLIN) | |
| Local note | KA |
| 651 #4 - SUBJECT ADDED ENTRY--GEOGRAPHIC NAME | |
| Geographic name | United Kingdom |
| Chronological subdivision | |
| 690 ## - LOCAL SUBJECT ADDED ENTRY--TOPICAL TERM (OCLC, RLIN) | |
| Topical term or geographic name as entry element | ENVIRONMENTAL AND LAND CONSULTANCY-ENERGY-ENERGY USE-ENERGY EFFICIENCY |
| 690 ## - LOCAL SUBJECT ADDED ENTRY--TOPICAL TERM (OCLC, RLIN) | |
| Topical term or geographic name as entry element | BUILT ENVIRONMENT-SUSTAINABLE CONSTRUCTION |
| 700 1# - ADDED ENTRY--PERSONAL NAME | |
| Personal name | Mitchell, Anthony |
| 700 1# - ADDED ENTRY--PERSONAL NAME | |
| Personal name | Webb, Steven |
| 700 1# - ADDED ENTRY--PERSONAL NAME | |
| Personal name | Beckett, Anna |
| 942 ## - ADDED ENTRY ELEMENTS (KOHA) | |
| Suppress in OPAC | 0 |
| Withdrawn status | Lost status | Source of classification or shelving scheme | Damaged status | Not for loan | Home library | Current library | Shelving location | Date acquired | Total Checkouts | Full call number | Barcode | Date last seen | Copy number | Price effective from | Koha item type |
|---|---|---|---|---|---|---|---|---|---|---|---|---|---|---|---|
| Dewey Decimal Classification | London | London | Journal article | 12/10/2011 | L154075 | 154075-1001 | 06/08/2019 | 1 | 06/08/2019 | Journal article |